00987cam a2200253 a 450000100070000000500170000700800410002402000230006502000220008804000440011008200190015424501780017326001000035130000180045165000170046965000280048665000370051465000180055165000240056970000300059394200060062395200910062999900130072025198420240328064640.0990715s1997 onca b 100 0 eng d a0889117667 (bound) a0889117705 (pbk.) aCaOTUbengcCaOONLdDGUdMdUdOCLCdDLC 222a327.bTHE.04aThe nation state in a global/information era :bpolicy challenges : proceedings of a conference held at Queens University 14-15 November 1996 /cThomas J. Courchene, editor. a Ontario :bJohn Deutsch Institute for the Study of Economic Policy, Queen's University,c1997. avii, 349 p. : 0aNation-state 0aInternational relations 0aInternational economic relations 0aGlobalization 0aInformation society1 aCourchene, Thomas J.eedt cL 001040708LaWERCLbWERCLd2024-03-28l0o327. THE.p2916r2024-03-28w2024-03-28yL c623d623